Une lettre suffit pour répondre juste #10 (attention 10 lettres tuent) - Statistiques

Statistiques générales
  • Ce quiz a été pris 96 fois
  • Le résultat moyen est 3 sur 6
Statistiques - réponses
Hint Réponse % Correct
Donne une des 5 lettres du nom du personnage qu'incarne Charlton Heston dans ce péplum de 1956
MOISE
100%
Donne une des 4 lettres du sigle qui se place à la fin d'une démonstration mathématique pour indiquer que le résultat attendu a été démontré
CQFD
81%
Donne une des 3 lettres qui compose la contraction obligatoire de la préposition à et de l'article défini les AUX
74%
Donne une des 2 lettres qui complète le nom sous lequel est connu cet auteur de nombreuses histoires d'horreur « grand public », notamment Chair de poule, se décrivant comme le Stephen King des enfants : ? ? Stine
RL
31%
Donne la lettre qui désigne en franc-maçonnerie le dieu god, la Géométrie ou le Grand Architecte de l'Univers G
13%
Donne la seule lettre qui complète le nom de ce film d'Antoine de Caunes, sorti en 2003 : Monsieur ?
N
8%
Aucun quiz correspondant
Distribution des résultats
% des personnes avec chaque résultat
Percentile par nombre de réponses
Votre historique - résultats
Vous n’avez pas pris ce quiz